000 03225cam a2200361 4500500
005 20260322003324.0
041 _afre
042 _adc
100 1 0 _aAlexandre, Olivier
_eauthor
700 1 0 _aBenbouzid, Bilel
_eauthor
700 1 0 _aDimitrijevic, Una
_eauthor
245 0 0 _aLiving from one’s views
260 _c2024.
500 _a72
520 _aA content creation industry is emerging through the emblematic figures of influencers, YouTubers and streamers. While this industry appeals to brands, there are still many unknowns around the conditions of production and the economic mechanisms structuring it. This article explores these conditions and the implications of the changes underway, showing how activities formerly perceived as recreational have become professions in their own right. Based on a synthesis of the literature, it acknowledges the difficulty of studying the content market from a platform infrastructure perspective, due to their opacity. It therefore proposes to go through the creators and intermediaries of this market to reconstruct its overall economic logic, successively examining the themes of work, market configurations, business frameworks and income inequalities. The question of content creators thus appears to be part of a more profound evolution of the labour market, establishing self-entrepreneurship, self-employment and precariousness as professional standards.
520 _aÀ travers les figures emblématiques des influenceurs, YouTubeurs et streameurs, émerge une industrie de la création de contenus qui sé- duit les marques, mais laisse subsister de nombreuses zones d'ombre quant aux conditions de production et aux mécanismes économiques qui la structurent. En montrant comment des activités autrefois per- çues comme des loisirs sont devenues des professions à part entière, cet article traite des conditions et des implications de cette transfor- mation. À partir d’une synthèse de la littérature sur le sujet, il acte de la difficulté d’étudier le marché des contenus à partir des plate- formes en raison de leur opacité. Il propose donc de passer par les créateurs et les intermédiaires de ce marché pour en recomposer la logique économique. Ce faisant, les thèmes du travail, des configu- rations marchandes, du cadre d’activité et des inégalités de revenus sont successivement évoqués. La question des créateurs de contenus apparait dès lors s’inscrire dans la perspective d’une évolution plus profonde du marché du travail faisant de l’entrepreneuriat de soi, du travail indépendant et de la précarité des standards professionnels.
690 _aacti- vité
690 _acréation de contenus
690 _aéconomie
690 _ainégalités
690 _ainfluence
690 _aintermédiaires
690 _atravail
690 _aactivity
690 _acontent creation
690 _aeconomy
690 _ainequalities
690 _ainfluence
690 _aintermediaries
690 _awork
786 0 _nRéseaux | o 246-247 | 4-5 | 2024-12-17 | p. 11-40 | 0751-7971
856 4 1 _uhttps://shs.cairn.info/journal-reseaux-2024-4-5-page-11?lang=en&redirect-ssocas=7080
999 _c1730985
_d1730985